000 00555nam a2200181Ia 4500
008 090123s9999 xx 000 0 und d
082 _b22877
100 _aअमृते उमा
245 _aसुग्राससिध्दी
250 _a1
260 _bप्रियांका प्रकाशन
_c1993
300 _a156
600 _aअमृते उमा
630 _aसुग्राससिध्दी
700 _aअमृते उमा
730 _aसुग्राससिध्दी
942 _cBOOK
999 _c60949
_d60949